|
|
|
|
| LEADER |
01345pam a22002778a 4500 |
| 001 |
00045327 |
| 005 |
20191227081228.0 |
| 008 |
131216s2013 ||||||viesd |
| 020 |
# |
# |
|c 250000
|a 9786047369898
|
| 041 |
0 |
# |
|a vie
|
| 082 |
1 |
4 |
|a 320.01
|b TR308H
|
| 100 |
# |
# |
|e Chủ biên
|a Đinh, Ngọc Thạch
|
| 245 |
0 |
0 |
|c Đinh Ngọc Thạch (ch.b); Trần Quang Thái
|a Triết học chính trị phương Tây hiện đại - Giá trị và ý nghĩa
|b Contemporary western political philosophy - Value and sighificance: Sách chuyên khảo
|
| 260 |
# |
# |
|a Tp. Hồ Chí Minh
|b Đại học Quốc gia Tp. Hồ Chí Minh
|c 2019
|
| 300 |
# |
# |
|c 24 cm
|a x, 574 tr.
|
| 504 |
# |
# |
|a Thư mục: tr. 560-573
|
| 653 |
# |
# |
|a Chính trị học
|
| 653 |
# |
# |
|a Tư tưởng
|
| 653 |
# |
# |
|a Triết học
|
| 653 |
# |
# |
|a Học thuyết
|
| 653 |
# |
# |
|a Phương Tây
|
| 653 |
# |
# |
|a Sách chuyên khảo
|
| 700 |
# |
# |
|a Trần, Quang Thái
|e Tham gia
|
| 852 |
# |
# |
|j KM.0033073
|j KM.0033077
|j KM.0033071
|j KM.0033069
|j KM.0033070
|j KM.0033078
|j KM.0033076
|j KM.0033075
|j KM.0033074
|j KM.0033080
|j KM.0033079
|j KM.0033068
|j KM.0033072
|j KM.0033081
|j KM.0033066
|j KM.0033065
|j KM.0033062
|j KD.0026524
|j KM.0033063
|j KM.0033067
|j KM.0033064
|
| 910 |
# |
# |
|d 26/12/2019
|
| 980 |
# |
# |
|a Trung tâm Học liệu Lê Vũ Hùng, Trường Đại học Đồng Tháp
|